Cities and major towns of the UK - Statistics

General Stats
  • This quiz has been taken 463 times
    445 since last reset
  • The average score is 17 of 28
Answer Stats
Hint Answer % Correct
L London
97%
M Manchester
93%
C Cardiff
83%
E Edinburgh
81%
G Glasgow
80%
B Birmingham
79%
L Leeds
79%
O Oxford
73%
Y York
73%
P Portsmouth
68%
N Norwich
66%
S Sheffield
66%
A Aberdeen
64%
B Belfast
64%
P Plymouth
64%
S Southampton
62%
L Leicester
61%
C Cambridge
60%
S Swansea
60%
E Exeter
55%
D Derby
53%
S Sunderland
39%
D Durham
38%
P Peterborough
37%
G Gloucester
33%
N Newport
31%
D Derry
29%
B Bangor
14%
No matching quizzes found
Score Distribution
Percent of People with Each Score
Percentile by Number Answered
Your Score History
You have not taken this quiz since the last reset